000 00697nam a2200253Ia 4500
003 OSt
005 20221005093857.0
006 a|||||r|||| 00| 0
007 ta
008 221004b |||||||| |||| 00| 0 eng d
024 _a61834
037 _cTextual
040 _aCRL
_cCRL
_beng
041 _2eng
_aeng
082 _aS:4:7, N1
100 _aJohnson Mark H
_9472309
245 0 _aBiology and cognitive development
_b The case of face recognition
260 _aOxford
_bBlackwell
_c1991
300 _a180p.
_ccm.
650 _aPSYCHOLOGY
700 _a Morton John
_9604571
942 _hS:4:7, N1
_cTEXL
_2cc
999 _c1001059
_d1001059